The limits of organization /

Rationality: individual and social. Organization and information. The agenda of organizations. Authority and responsibility.

Bewaard in:
Bibliografische gegevens
Hoofdauteur: Arrow, Kenneth J. 1921-
Formaat: Boek
Taal:English
Gepubliceerd in: New York : W. W. Norton, 1974.
Onderwerpen:
Tags: Voeg label toe
Geen labels, Wees de eerste die dit record labelt!
Thư viện lưu trữ: Mạng thư viện Đại học Đà Nẵng
LEADER 01025cam a2200361 i 4500
001 000048777
003 8502
005 20030401152916.0
008 010323|1974 vm 000 eng
020 |a 0393093239 
040 |a IRC  |c IRC  |d IRC 
041 0 |a eng 
082 1 4 |a 301.1832  |b AR-K 
100 1 |a Arrow, Kenneth J.  |q (Kenneth Joseph),  |d 1921- 
245 0 4 |a The limits of organization /  |c Kenneth J. Arrow. 
260 |a New York :  |b W. W. Norton,  |c 1974. 
300 |a 86 p. ;  |c 21cm. 
520 3 |a Rationality: individual and social. Organization and information. The agenda of organizations. Authority and responsibility. 
630 0 4 |a Society. 
630 0 4 |a Sociology. 
630 0 4 |a Social systems. 
650 0 4 |a Social systems. 
650 0 4 |a Organizational sociology. 
OWN |a DUT 
999 |a From the UDN01 
TYP |a Monograph 
TYP |a Printed language 
980 |a Mạng thư viện Đại học Đà Nẵng